000 00301nam a22001337a 4500
008 170830b xxu||||| |||| 00| 0 eng d
020 _a9780658013355
041 _aeng
080 _a070
100 _a39
101 _aMED
245 _aSPEECH COMMUNICATION MATTERS
_cSCHAFFER.W
942 _2udc
_cBK
999 _c25514
_d25514